Journal of advanced research in law and economics

Detalles Bibliográficos
Formato: Electrónico Revista
Lenguaje:inglés
Publicado: Craiova, Romania : ASERS Ltd.
Materias:
Acceso en línea:Full text available from Research Library: 07/01/2010 to present

MARC

LEADER 00000nas a2200000 a 4500
001 ssj0000515528
003 WaSeSS
005 20200512172242.0
006 m d
007 cr n
008 110616c20109999rm uu p s | 0eng c
010 |a  2011261104 
035 |a (WaSeSS)ssj0000515528 
040 |a HNK  |b eng  |c HNK  |d HNK  |d WEA  |d OCLCQ  |d BEDGE  |d OCLCQ  |d OCLCF  |d OCLCQ  |d WT2  |d OCL  |d OCLCQ  |d AU@  |d OCL  |d U3W  |d OCLCQ  |d CNMTR  |d OCLCQ  |d WaSeSS 
042 |a pcc 
050 1 4 |a K487.E3  |b A16 
245 0 0 |a Journal of advanced research in law and economics  |h [electronic resource]. 
246 3 |a JARLE 
260 |a Craiova, Romania :  |b ASERS Ltd. 
362 1 |a Began with vol. 1, no. 1 (summer 2010). 
506 |a License restrictions may limit access. 
588 0 |a Vol. 1, no. 1 (summer 2010); title from title information screen (ProQuest, viewed June 16, 2011). 
588 1 |a Vol. 1, no. 1 (summer 2010) (viewed Oct. 3, 2011). 
650 0 |a Law and economics  |x Research  |v Periodicals. 
650 7 |a Droit économique.  |2 eclas 
650 7 |a Science économique.  |2 eclas 
650 7 |a Law and economics.  |2 fast  |0 (OCoLC)fst00993900 
655 0 |a Electronic journals. 
776 0 8 |i Print version:  |t Journal of advanced research in law and economics  |x 2068-696X 
856 4 0 |z Full text available from Research Library: 07/01/2010 to present  |u https://search.proquest.com/publication/486538